Statistiken für 2. Bundesliga Teams 2022/2023

Klicken Sie hier um das Quiz zu spielen!

Allgemein

  • Dieses Quiz wurde 1.529 mal gespielt
  • Das Durchschnittsergebnis liegt bei 15 aus 18

Antwortstatistiken

Verein% Korrekt
Hamburger SV
99%
FC St. Pauli
88%
SV Darmstadt 98
88%
SpVgg Greuther Fürth
87%
Arminia Bielefeld
86%
1. FC Nürnberg
85%
1. FC Kaiserslautern
84%
Hannover 96
83%
Holstein Kiel
83%
1. FC Heidenheim
82%
Eintracht Braunschweig
80%
Fortuna Düsseldorf
78%
Hansa Rostock
78%
SV Sandhausen
78%
1. FC Magdeburg
77%
SC Paderborn 07
73%
SSV Jahn Regensburg
73%
Karlsruher SC
71%

Verteilung der Resultate

Perzentil nach korrekt beantworteten Fragen

Anzahl Personen mit jedem Resultat

Ihre Resultats-Entwicklung

Sie haben dieses Quiz noch nicht gespielt